|
|
|
|
| LEADER |
00000nab a2200000 ar4500 |
| 001 |
vtls010073805 |
| 003 |
SK-MaSNL |
| 005 |
20260303050414.0 |
| 008 |
100310c2010 xo mr|p||||||||00 ||slo |
| 015 |
|
|
|a SNBRB2010/03
|2 snkbucl
|
| 038 |
|
|
|a SNKBUCL
|
| 040 |
|
|
|a SNKBUCL
|b slo
|e AACR2
|c SNKBUCL
|
| 041 |
0 |
|
|a slo
|
| 044 |
|
|
|a xo
|c SK
|
| 080 |
|
|
|a 338.124.4
|2 2001
|
| 100 |
1 |
|
|a Ransdorf, Miloslav,
|d 1953-2016
|4 aut
|9 162449
|
| 245 |
1 |
0 |
|a Cykly vývoja kapitalistického systému
|b proces transformačných ekonomických zmien mení aj sociálno-politický systém
|c Miroslav Ransdorf
|
| 300 |
|
|
|b Tab.
|
| 650 |
0 |
7 |
|a hospodárska kríza
|2 snkbucl
|9 2278
|
| 655 |
|
7 |
|a analýzy
|2 snkbucl
|9 22242
|
| 773 |
0 |
|
|t Verejná správa
|g Roč. 65, č. 4 (2010), s. 28-29
|x 1335-3470
|
| 852 |
|
|
|a SNK
|b KIS3GCP
|
| 999 |
|
|
|c 1707340
|d 1709270
|